Le 10 migliori calciatrici del mondo 2024 - Sudden Death - Statistics

Statistiche generali
  • Questo quiz è stato fatto 32 volte
  • Il punteggio medio è 2 su 10
Answers on the Grid
Answers color-coded by a green-red scale on the quiz's grid according to % correct below.
Lauren James
Chelsea
Aitana Bonmatí
Barcelona
Trinity Rodman
Washington Spirit
Keira Walsh
Barcelona
Mallory Swanson
Chicago Red Stars
Temwa Chawinga
Kansas City Current
Lauren Hemp
Manchester City
Barbra Banda
Orlando Pride
Lindsey Horan
Lyon
Caroline Graham Hansen
Barcelona
Marie-Antoinette Katoto
PSG
Khadija Shaw
Manchester City
Salma Paralluelo
Barcelona
Naomi Girma
San Diego Wave
Sophia Smith
Portland Thorns
 
Statistiche sulle risposte
Risposta % Corretto
Aitana Bonmatí
Barcelona
89%
Caroline Graham Hansen
Barcelona
33%
Barbra Banda
Orlando Pride
22%
Lindsey Horan
Lyon
22%
Trinity Rodman
Washington Spirit
22%
Khadija Shaw
Manchester City
11%
Mallory Swanson
Chicago Red Stars
11%
Naomi Girma
San Diego Wave
11%
Salma Paralluelo
Barcelona
11%
Sophia Smith
Portland Thorns
0%
Nessun quiz corrispondente trovato
Distribuzione punteggi
Percentuale di utenti per punteggio
Percentile per numero di risposta
I tuoi punteggi nel tempo
Non hai fatto questo quiz